World of GIS: AGI 92, 24-26 November 1992, International Conference Centre, Birmingham...fourth national conference and exhibition... (Record no. 91448)
[ view plain ]
| 000 -LEADER | |
|---|---|
| fixed length control field | 01844cam a2200277 4500 |
| 001 - CONTROL NUMBER | |
| control field | J1546 |
| 008 - FIXED-LENGTH DATA ELEMENTS--GENERAL INFORMATION | |
| fixed length control field | 090401t1992 xxu||||| |||| 00| 0 eng d |
| 035 ## - SYSTEM CONTROL NUMBER | |
| System control number | (Sirsi) u44145 |
| 041 ## - LANGUAGE CODE | |
| Language code of text/sound track or separate title | eng |
| 050 ## - LIBRARY OF CONGRESS CALL NUMBER | |
| Classification number | 333.70285 |
| 110 ## - MAIN ENTRY--CORPORATE NAME | |
| Corporate name or jurisdiction name as entry element | Association for Geographic Information |
| 9 (RLIN) | 166 |
| 245 ## - TITLE STATEMENT | |
| Title | World of GIS: AGI 92, 24-26 November 1992, International Conference Centre, Birmingham...fourth national conference and exhibition... |
| 260 ## - PUBLICATION, DISTRIBUTION, ETC. | |
| Place of publication, distribution, etc. | London |
| Name of publisher, distributor, etc. | Association for Geographic Information |
| Date of publication, distribution, etc. | 1992 |
| 300 ## - PHYSICAL DESCRIPTION | |
| Extent | 1v.(loose-leaf) ; 30cm. |
| 350 ## - PRICE (NR) (BK AM CF MU VM SE) [OBSOLETE] | |
| Price | 0 |
| 520 ## - SUMMARY, ETC. | |
| Summary, etc. | Conference organised by Westrade Fairs Ltd. - Papers include : - Data integration via the gazetteer/ DYSON, J. - Postcodes as a geographic database/ SHEPHERD, J.W. - Building a financial case for GIS/ WEATHERILL, D. & KEDDIE, J. - Reaping the benefits/ IVES, M.J. - Resourcing a corporate GIS implementation/ SHORE, D.G. - Business strategy vs data management/ MULLINS, S. - GPS: GIS problems solved?/ DODSON, G.A. & BASKER, G.A. - Feasibility study for a national land use stock survey/ DUNN, R. & HARRISON, A. - An expert system for the application of GIS in mineral resources management/ ASABERE, R.K., DURUCAN, S. & OWEN, D. - Integrated data derived from within the British local government institutional framework/ JOHN, S. & LOPEZ, X. - Turning public registers into public information/ DOIG, J., ATKINSON, R. & TAYLOR, M. - Policy and the supply and availability of OS information over the next five years/ RHIND, D. - Integrating GIS and knowledge based systems for landscape management/ B |
| 650 ## - SUBJECT ADDED ENTRY--TOPICAL TERM | |
| Topical term or geographic name entry element | DIGITAL MAPPING |
| 650 ## - SUBJECT ADDED ENTRY--TOPICAL TERM | |
| Topical term or geographic name entry element | GIS |
| 650 ## - SUBJECT ADDED ENTRY--TOPICAL TERM | |
| Topical term or geographic name entry element | Land use |
| 9 (RLIN) | 6251 |
| 650 ## - SUBJECT ADDED ENTRY--TOPICAL TERM | |
| Topical term or geographic name entry element | LEEDS PERMANENT BUILDING SOCIETY |
| 650 ## - SUBJECT ADDED ENTRY--TOPICAL TERM | |
| Topical term or geographic name entry element | NATIONAL LAND INFORMATION SERVICE |
| 650 ## - SUBJECT ADDED ENTRY--TOPICAL TERM | |
| Topical term or geographic name entry element | SEA-LEVEL RISE |
| 690 ## - LOCAL SUBJECT ADDED ENTRY--TOPICAL TERM (OCLC, RLIN) | |
| Topical term or geographic name as entry element | LAND SURVEYING |
| 942 ## - ADDED ENTRY ELEMENTS (KOHA) | |
| Suppress in OPAC | 0 |
| 948 ## - LOCAL PROCESSING INFORMATION (OCLC); SERIES PART DESIGNATOR (RLIN) | |
| c (OCLC) | 04/03/1997 |
| Withdrawn status | Lost status | Source of classification or shelving scheme | Damaged status | Not for loan | Home library | Current library | Shelving location | Date acquired | Total Checkouts | Full call number | Barcode | Date last seen | Copy number | Price effective from | Koha item type |
|---|---|---|---|---|---|---|---|---|---|---|---|---|---|---|---|
| Dewey Decimal Classification | London | London | Basement | 26/05/1993 | SHELF 134 | 30038785 | 06/08/2019 | 1 | 06/08/2019 | Book |